00582nam a2200205Ia 450000500170000000800410001702000150005808200130007310000210008624500330010725000090014026000540014930000140020365000100021765000160022765000140024394200060025795200980026399900150036120240611004902.0240331s9999 xx 000 0 und d a8170361680 bWIGa307 aWignaraja, Ponna 0aWomen, poverty and resources a1 st aNew DelhibSage Publications India Pvt Ltdc1990 a241, p ., aWomen aDevelopment aPolitical cL 001040708LaWERCLbWERCLcSSCd2024-03-31l0o 307.72 WIGp3954r2024-03-31w2024-03-31yL c5559d5559